[Event "Under 1300 knightworm78 Invitational #4"]
[Site "SchemingMind.com"]
[Date "2019.06.04"]
[Round "-"]
[White "Martin E. Hardwick"]
[Black "surfnsuds"]
[Result "0-1"]
[WhiteCountry "ENG"]
[BlackCountry "USA"]
[WhiteElo "1249"]
[WhiteRD "74"]
[BlackElo "1370"]
[BlackRD "85"]
[GameID "441871"]

1. d4 Nf6 2. Nf3 d5 3. e3 c6 4. Be2 Ne4 5. O-O f6 6. Nbd2 Bf5 7. Bd3 Nd7 8. c4 Nxd2 9. Qxd2 Bxd3 10. Qxd3 e6
11. cxd5 cxd5 12. Qb5 b6 13. Bd2 Rc8 14. Rfc1 Rxc1+ 15. Rxc1 Be7 16. Bb4 O-O 17. Bxe7 Qxe7 18. Rc7= Ra8 19. Rxd7 Qe8 20. Qc6 Rc8
21. Rc7 Qxc6 22. Rxc6 Rxc6 23. g3 Rc2 24. Ne1 Rxb2 25. Nd3 Rxa2 26. Nb4 Ra4 27. Nc2 a5 28. Kf1 b5 29. Ke1 b4 30. Kd1 b3
31. Kc1 Rc4 32. Kb1 bxc2+ 33. Kc1 a4
0-1

[Event "Under 1300 knightworm78 Invitational #4"]
[Site "SchemingMind.com"]
[Date "2019.05.30"]
[Round "-"]
[White "surfnsuds"]
[Black "Carl Lenox"]
[Result "0-1"]
[WhiteCountry "USA"]
[BlackCountry "CAN"]
[WhiteElo "1359"]
[WhiteRD "81"]
[BlackElo "1282"]
[BlackRD "83"]
[GameID "441872"]

1. d4 g6 2. c4 Bg7 3. Nc3 Nf6 4. e4 O-O 5. Nf3 d6 6. Be2 e5 7. O-O Nc6 8. d5 Ne7 9. Be3 Re8 10. Ng5 b6
11. f4 Bb7 12. b3 c6 13. f5 c5 14. Nb5 a6 15. Nc3 b5 16. cxb5 a5 17. a3 Qd7 18. b4 axb4 19. axb4 cxb4 20. Qb3 h6
21. Nf3 Ng4 22. Rxa8 Bxa8 23. Na4 Nxe3 24. Qxe3 gxf5 25. Qd2 fxe4 26. Nh4 Nxd5 27. Rc1 e3 28. Qd3 e4 29. Qb3 Nf4 30. Qxe3 Nxe2+
31. Qxe2 d5 32. Rd1 d4 33. Nc5 Qd5 34. Rc1 e3 35. Na6 d3 36. Nc7 Qd4 37. Qf3 e2+ 38. Qf2 Qb2 39. Re1 Bd4 40. Nxe8 Bxf2+
41. Kxf2 b3 42. Nf3 Qc2 43. Nd4 Qa2 44. Nxe2 b2 45. Nc3 Qb3 46. Nb1 Qc2+ 47. Ke3 Bxg2 48. Rg1 Kf8 49. Nf6 Bd5 50. Nd7+ Ke7
51. Ne5 Ba2 52. Nxd3 Bxb1
0-1

[Event "Under 1300 knightworm78 Invitational #4"]
[Site "SchemingMind.com"]
[Date "2019.06.02"]
[Round "-"]
[White "malcolm chugg"]
[Black "surfnsuds"]
[Result "1-0"]
[WhiteCountry "WLS"]
[BlackCountry "USA"]
[WhiteElo "1258"]
[WhiteRD "53"]
[BlackElo "1369"]
[BlackRD "80"]
[GameID "441873"]

1. f4 d5 2. e4 e5 3. d4 Nc6 4. Bb5 Bd7 5. exd5 Nxd4 6. Bxd7+ Qxd7 7. c4 b5 8. fxe5 Nf5 9. cxb5 Qxb5 10. Nc3 Bb4
11. Ne2 O-O-O 12. O-O Nge7 13. Nxb5 Rxd5 14. Qa4 a5 15. Na7+ Kb7 16. Nb5 Rhd8 17. Nbc3 Bxc3 18. Nxc3 Rxe5 19. Bf4 Rc5 20. Ne4 Rcd5
21. Rad1 h6 22. Rc1 g5 23. Qb3+ Kc8 24. Nd6+ Nxd6 25. Bxd6 R8xd6 26. Qh3+ Kb7 27. Qc3 Rc6 28. Qb3+ Rb6 29. Qf3 Rxb2 30. Qf6 Re2
31. Rb1+ Kc8 32. Qa6+
1-0

[Event "Under 1300 knightworm78 Invitational #4"]
[Site "SchemingMind.com"]
[Date "2019.05.31"]
[Round "-"]
[White "im_cincinnati_kid37"]
[Black "surfnsuds"]
[Result "0-1"]
[WhiteCountry "USA"]
[BlackCountry "USA"]
[WhiteElo "1223"]
[WhiteRD "91"]
[BlackElo "1369"]
[BlackRD "80"]
[GameID "441874"]

1. e4 c5 2. Nc3 Nc6 3. Nf3 e6 4. d4 d5 5. e5 cxd4 6. Nxd4 Nxd4 7. Qxd4 Ne7 8. Bb5+ Bd7 9. Bxd7+ Qxd7 10. O-O Nc6
11. Qg4 Nxe5 12. Qe2 Ng6 13. Nd1 Bc5 14. Ne3 O-O 15. a3 Rac8 16. c3 Rfd8 17. Bd2 d4 18. cxd4 Qxd4 19. b4 Bb6 20. Rfd1 Qf6
21. g3 Ne5 22. Kg2 Rd3 23. Ra2 Qg6 24. h4 Nc4 25. Nxc4 Rxc4 26. f3 Rdd4 27. Kf2 Rxh4+ 28. Be3 Rh2+ 29. Ke1 Rxe2+ 30. Kxe2 f6
31. Bxb6 axb6 32. Rad2 h5 33. Rd3 Qxg3 34. Re3 Rc2+ 35. Rd2 Qg2+ 36. Kd3 Qxd2+ 37. Ke4 Qd5+ 38. Kf4 g5+ 39. Kg3 Qd6+ 40. f4 Qxf4+
41. Kh3 Rh2#
0-1

[Event "Under 1300 knightworm78 Invitational #4"]
[Site "SchemingMind.com"]
[Date "2019.06.04"]
[Round "-"]
[White "Martin E. Hardwick"]
[Black "im_cincinnati_kid37"]
[Result "1-0"]
[WhiteCountry "ENG"]
[BlackCountry "USA"]
[WhiteElo "1224"]
[WhiteRD "77"]
[BlackElo "1203"]
[BlackRD "89"]
[GameID "441875"]

1. d4 e6 2. a3 Nf6 3. Nf3 h6 4. Nc3 Nc6 5. e4 d6 6. e5 Nd5 7. Nxd5 exd5 8. Bb5 Be7 9. O-O Be6 10. Re1 a6
11. Bxc6+ bxc6 12. c3 c5 13. Be3 c4 14. Qd2 c6 15. Rab1 f6 16. Bf4 dxe5 17. dxe5 Bf5 18. exf6 gxf6 19. Bxh6 Qd7 20. Bg7 Rh7
21. Bxf6 Bxb1 22. Rxe7+ Rxe7 23. Qg5 O-O-O 24. Bxe7 Be4 25. Bxd8 Qxd8 26. Qg4+ Qd7 27. Qxd7+ Kxd7 28. Nd4 c5 29. Ne2 Bd3 30. Nf4 Be4
31. f3 Bd3 32. Kf2 d4 33. cxd4 cxd4 34. Nxd3 cxd3 35. Ke1 Ke6 36. f4 Kf5 37. g3 Kg4 38. Kd2 a5 39. Kxd3
1-0

[Event "Under 1300 knightworm78 Invitational #4"]
[Site "SchemingMind.com"]
[Date "2019.05.31"]
[Round "-"]
[White "im_cincinnati_kid37"]
[Black "Carl Lenox"]
[Result "0-1"]
[WhiteCountry "USA"]
[BlackCountry "CAN"]
[WhiteElo "1203"]
[WhiteRD "89"]
[BlackElo "1282"]
[BlackRD "83"]
[GameID "441876"]

1. e4 c5 2. Nf3 g6 3. b3 Bg7 4. c3 a6 5. g3 b5 6. d4 cxd4 7. cxd4 Bb7 8. Nbd2 Nf6 9. Bg2 Nxe4 10. Nxe4 Bxe4
11. O-O d5 12. Bb2 Nc6 13. Bh3 e6 14. Re1 Nb4 15. Bf1 Nc2 16. Nd2 Nxa1 17. Qxa1 Bf5 18. Nf3 O-O 19. Qc1 Rc8 20. Qd2 Rc2
21. Ba3 Rxd2 22. Nxd2 Re8 23. h4 Bxd4 24. Rc1 Qb6 25. Nf3 Bxf2+ 26. Kg2 Bg1 27. Bb2 Qf2+ 28. Kh1 Be4 29. Bg2 h6 30. Bd4 Qb2
31. Bxb2 Ba7 32. a3 Bf2 33. b4 Bxg3 34. Rg1 Rc8 35. Bd4 f5 36. Bf1 Bxf3+ 37. Bg2 Be4 38. Bxe4 f4 39. Bxg6 Bxh4 40. Bh5+ Kf8
41. Bc5+ Be7 42. Bxe7+ Kxe7 43. Kg2 Rc2+ 44. Kf3 e5 45. Bg6 Rc3+ 46. Kf2 f3 47. Re1 e4 48. Re3 Rc2+ 49. Kf1 Kf6 50. Bh5 Kg5
51. Bxf3 Kf4 52. Re2 Rc3 53. Bg2 h5 54. Ra2 h4 55. Kg1 Kg3 56. Bf1 h3 57. Rh2 Kg4 58. Bxh3+ Kg3 59. Bc8 Rc1#
0-1

[Event "Under 1300 knightworm78 Invitational #4"]
[Site "SchemingMind.com"]
[Date "2019.06.01"]
[Round "-"]
[White "malcolm chugg"]
[Black "im_cincinnati_kid37"]
[Result "0-1"]
[WhiteCountry "WLS"]
[BlackCountry "USA"]
[WhiteElo "1258"]
[WhiteRD "53"]
[BlackElo "1223"]
[BlackRD "91"]
[GameID "441877"]

1. f4 e5 2. fxe5 d6 3. exd6 Bxd6 4. e4 b6 5. g3 Bb7 6. Bg2 Nf6 7. d3 Bb4+ 8. Bd2 Be7 9. Qe2 Nbd7 10. e5 Ng8
11. Bxb7 Rb8 12. Bg2 Nc5 13. Nf3 Ne6 14. Nc3 Qd7 15. O-O h6 16. Qe3 Bb4 17. Nh4 Ke7 18. Nf5+ Ke8 19. Bh3 Rh7 20. a3 Bc5
21. d4 Nxd4 22. Qd3 Nxc2+ 23. Qe3 Bxe3+ 24. Kg2 Nxa1 25. Bxe3 Qc6+ 26. Rf3 Nc2 27. Bf2 g6 28. Ne3 Nd4 29. Ned5 Nxf3 30. Kxf3 Ne7
31. Ke4 Nxd5 32. Nxd5 Qc4+ 33. Bd4 Rd8 34. Nf6+ Ke7 35. Nxh7 Qxd4+ 36. Kf3 Qd3+ 37. Kg2 Qe2+
0-1

[Event "Under 1300 knightworm78 Invitational #4"]
[Site "SchemingMind.com"]
[Date "2019.05.30"]
[Round "-"]
[White "Chessibelle"]
[Black "im_cincinnati_kid37"]
[Result "0-1"]
[WhiteCountry "ENG"]
[BlackCountry "USA"]
[WhiteElo "1151"]
[WhiteRD "56"]
[BlackElo "1203"]
[BlackRD "89"]
[GameID "441878"]

1. Nf3 Nf6 2. d4 d5 3. e3 a6 4. Nc3 c6 5. Bd2 Nbd7 6. g3 g6 7. Bg2 h5 8. O-O e6 9. Ng5 Nb6 10. b3 Rg8
11. Ne2 Rg7 12. f4 Bd7 13. c4 dxc4 14. b4 Qc8 15. Bc3 Qc7 16. Qc2 O-O-O 17. Nf3 Nbd5 18. a4 Nxc3 19. Qxc3 b5 20. Qa3 Qb7
21. Ne5 Kc7 22. Rfd1 Ra8 23. h3 h4 24. gxh4 Bc8 25. Bxc6 Qa7 26. Qc3 Nd5 27. Qc2 Rb8 28. Qe4 Be7 29. Bxd5 exd5 30. Qxd5 Rb6
31. axb5 Bb7 32. Qd7+ Kb8 33. Qxe7 g5 34. Nd7+ Kc8 35. Nf8 gxf4+ 36. Kf1 fxe3 37. Qe8+ Kc7 38. Ne6+ fxe6 39. Nf4 Rxb5 40. Nxe6+ Kd6
41. Nxg7 Bd5 42. Qe5+ Kc6 43. Ne8 Qd7 44. Rxa6+ Kb7 45. Rd6 Qf7+ 46. Nf6 Bg2+ 47. Kxg2 Rxe5 48. dxe5 e2 49. Re1 Kc8 50. Rxe2 Qb7+
51. Kg3 Qxb4 52. Rc6+ Kb7 53. Rd6 Qc3+ 54. Kg4 Qb4 55. e6 Qxd6 56. Rb2+ Kc6 57. h5 Qd4+ 58. Kg5 Qxb2 59. e7 Qe5+ 60. Kg6 Qxe7
61. Kf5 c3
0-1

[Event "Under 1300 knightworm78 Invitational #4"]
[Site "SchemingMind.com"]
[Date "2019.05.30"]
[Round "-"]
[White "surfnsuds"]
[Black "Bacon"]
[Result "1-0"]
[WhiteCountry "USA"]
[BlackCountry "BER"]
[WhiteElo "1359"]
[WhiteRD "81"]
[BlackElo "1154"]
[BlackRD "91"]
[GameID "441879"]

1. d4 d5 2. c4 dxc4 3. Nf3 Nf6 4. e3 Nc6 5. Nc3 Be6 6. Qa4 g6 7. Bxc4 Bxc4 8. Qxc4 a5 9. Qb5 Qd7 10. Qxb7 Ra7
11. Qb3 e6 12. O-O Bb4 13. Bd2 h5 14. Nb5 Rb7 15. a4 Nd5 16. e4 Nf6 17. e5 Ne4 18. Bxb4 Nxb4 19. Rac1 c6 20. Nc3 Nxc3
21. Rxc3 Nd5 22. Rc5 Rxb3 23. Rxa5 Rxb2 24. Ra8+ Ke7 25. Rxh8 Ra2 26. Ra8 Nc3 27. a5 Qb7 28. Rg8 f5 29. Rg7+ Kd8 30. Rxb7 Ne2+
31. Kh1 Rxa5 32. Re1 Nf4 33. g3 Nd3 34. Reb1 Nxf2+ 35. Kg2 Ra2 36. Rb8+ Kc7 37. R1b7#
1-0

[Event "Under 1300 knightworm78 Invitational #4"]
[Site "SchemingMind.com"]
[Date "2019.05.31"]
[Round "-"]
[White "im_cincinnati_kid37"]
[Black "Bacon"]
[Result "0-1"]
[WhiteCountry "USA"]
[BlackCountry "BER"]
[WhiteElo "1223"]
[WhiteRD "91"]
[BlackElo "1140"]
[BlackRD "90"]
[GameID "441880"]

1. e4 e5 2. Nc3 Nf6 3. f3 Nc6 4. a3 Nd4 5. Nge2 Bc5 6. b4 Bd6 7. d3 b6 8. Rb1 O-O 9. g4 Nxf3+ 10. Kf2 Nd4
11. h3 Ba6 12. a4 h6 13. b5 Bxb5 14. axb5 c5 15. bxc6 Nxc6 16. Bg2 Bb4 17. Ng3 Bxc3 18. Nf5 a5 19. Rb3 Bd4+ 20. Ke2 Qb8
21. Nxd4 Nxd4+ 22. Ke3 Nxb3 23. cxb3 b5 24. Bf3 b4 25. Bb2 Qb5 26. Rh2 d6 27. Rc2 Rac8 28. Rxc8 Rxc8 29. Be2 Qc5+ 30. Kf3 g5
31. Bf1 Nd7 32. Be2 f6 33. Qb1 Qc2 34. Qa1 Nb6 35. Ke3 Qc5+ 36. d4 Qc2 37. Bd3 Qxb3 38. d5 Nc4+ 39. Ke2 Qxb2+ 40. Qxb2 Nxb2
41. Ba6 a4 42. Bxc8 a3 43. Kd2 a2 44. Be6+ Kg7
0-1

[Event "Under 1300 knightworm78 Invitational #4"]
[Site "SchemingMind.com"]
[Date "2019.05.30"]
[Round "-"]
[White "Bacon"]
[Black "Martin E. Hardwick"]
[Result "1/2-1/2"]
[WhiteCountry "BER"]
[BlackCountry "ENG"]
[WhiteElo "1140"]
[WhiteRD "90"]
[BlackElo "1237"]
[BlackRD "82"]
[GameID "441881"]

1. e4 e5 2. Nf3 Nc6 3. Nc3 Nf6 4. Bb5 a6 5. Bc4 b5 6. Bxb5 axb5 7. Nxb5 Nxe4 8. d3 Bb4+ 9. c3 Bxc3+ 10. bxc3 Nf6
11. Ng5 O-O 12. d4 exd4 13. cxd4 h6 14. Nf3 Re8+ 15. Be3 Ba6 16. Qd3 Bxb5 17. Qxb5 Qb8 18. Qxb8 Raxb8 19. O-O Rb5 20. Rfc1 Reb8
21. h3 Na5 22. Rxc7 Rb1+ 23. Rxb1 Rxb1+ 24. Kh2 Rb8 25. Ne5 Nc6 26. Nxd7 Nxd7 27. Rxd7 Ra8 28. Rd6 Ne7 29. g4 Rxa2 30. Rd8+ Kh7
31. Re8 Nd5 32. h4 Nxe3 33. Rxe3 Rxf2+=
1/2-1/2

[Event "Under 1300 knightworm78 Invitational #4"]
[Site "SchemingMind.com"]
[Date "2019.05.30"]
[Round "-"]
[White "Carl Lenox"]
[Black "Bacon"]
[Result "0-1"]
[WhiteCountry "CAN"]
[BlackCountry "BER"]
[WhiteElo "1282"]
[WhiteRD "83"]
[BlackElo "1154"]
[BlackRD "91"]
[GameID "441882"]

1. e4 e5 2. Nf3 Nc6 3. Nc3 Nd4 4. Nxe5 Qe7 5. Nf3 c5 6. d3 d6 7. Nxd4 cxd4 8. Nd5 Qd7 9. a3 Nf6 10. Qe2 b5
11. g3 Nxd5 12. exd5+ Be7 13. b4 a6 14. Bb2 O-O 15. Bxd4 Bf6 16. Bxf6 gxf6 17. Bg2 Qf5 18. Rd1 Bb7 19. c4 Rae8 20. Be4 Qe5
21. f4 Qe7 22. Qh5 f5 23. Qxf5 f6 24. Qg4+ Qg7 25. Qxg7+ Kxg7 26. O-O f5 27. Bf3 h6 28. c5 dxc5 29. d6 Bxf3 30. Rxf3 Rd8
31. bxc5 Rc8 32. d4 a5 33. d7 Rc7 34. c6 Rxc6 35. Rb1 Rd8 36. d5 Rd6 37. Rxb5 a4 38. Rd3 R8xd7 39. Ra5 h5 40. Rxa4 Rxd5
41. Re3 Rd1+ 42. Kg2 R7d2+ 43. Kh3 Rg1 44. Ra7+ Kf6 45. Kh4 Rxh2#
0-1

[Event "Under 1300 knightworm78 Invitational #4"]
[Site "SchemingMind.com"]
[Date "2019.06.01"]
[Round "-"]
[White "Bacon"]
[Black "malcolm chugg"]
[Result "0-1"]
[WhiteCountry "BER"]
[BlackCountry "WLS"]
[WhiteElo "1140"]
[WhiteRD "90"]
[BlackElo "1258"]
[BlackRD "53"]
[GameID "441883"]

1. e4 e5 2. Nf3 Nf6 3. Nxe5 Nxe4 4. f3 Qh4+ 5. g3 Nxg3 6. Rg1 Qxh2 7. f4 Qxg1 8. Qf3 f6 9. Qg2 Qxg2 10. Bxg2 fxe5
11. Bd5 exf4 12. Nc3 Bb4 13. a3 Bxc3 14. dxc3 c6 15. Bf3 Rf8 16. c4 g6 17. Kf2 Nf5 18. Bxf4 Rf6 19. b4 Na6 20. c5 h6
21. Rh1 h5 22. c3 d6 23. cxd6 Nxd6 24. Kg3 Bg4 25. Bxg4 hxg4 26. Kxg4 O-O-O 27. Bg5 Rff8 28. Bxd8 Kxd8 29. Kg5 Ne4+ 30. Kxg6 Nxc3
31. Rc1 Nb5 32. Ra1 Rf3 33. a4 Nbc7 34. Rb1 Nd5 35. b5 Rg3+ 36. Kf5 Nab4 37. Ke5 Ra3 38. Kd6 Rxa4 39. Rc1 cxb5 40. Rc5 a6
41. Ke5 b6 42. Rxd5+ Nxd5 43. Kxd5 Kc7 44. Ke6 b4
0-1

[Event "Under 1300 knightworm78 Invitational #4"]
[Site "SchemingMind.com"]
[Date "2019.05.30"]
[Round "-"]
[White "Bacon"]
[Black "Chessibelle"]
[Result "0-1"]
[WhiteCountry "BER"]
[BlackCountry "ENG"]
[WhiteElo "1140"]
[WhiteRD "90"]
[BlackElo "1143"]
[BlackRD "55"]
[GameID "441884"]

1. e4 e5 2. Nf3 Nc6 3. b3 Be7 4. Ba3 d6 5. Bb5 Bd7 6. Bxc6 Bxc6 7. d4 Nf6 8. Qd3 a6 9. d5 Bd7 10. O-O O-O
11. b4 b5 12. Nc3 g6 13. Ng5 Nh5 14. h4 Nf4 15. Qg3 Kg7 16. Bc1 Nh5 17. Qe3 f6 18. Nf3 Kh8 19. g3 Bc8 20. g4 Bxg4
21. a3 Qd7 22. Ne1 Bh3 23. Ng2 Qg4 24. Kh2 Qxg2#
0-1

[Event "Under 1300 knightworm78 Invitational #4"]
[Site "SchemingMind.com"]
[Date "2019.05.31"]
[Round "-"]
[White "Carl Lenox"]
[Black "Martin E. Hardwick"]
[Result "1-0"]
[WhiteCountry "CAN"]
[BlackCountry "ENG"]
[WhiteElo "1282"]
[WhiteRD "83"]
[BlackElo "1224"]
[BlackRD "77"]
[GameID "441885"]

1. e4 e5 2. Nf3 Nc6 3. Bb5 a6 4. Ba4 b5 5. Bb3 Be7 6. O-O Nf6 7. Re1 O-O 8. c4 bxc4 9. Bxc4 d5 10. exd5 Nxd5
11. Nxe5 Nxe5 12. Be2 Nf6 13. a3 Bg4 14. b4 a5 15. b5 Bxe2 16. Rxe2 Qd5 17. Nc3 Nf3+ 18. gxf3 Qxf3 19. Re1 Qxd1 20. Rxd1 Bd6
21. a4 Rfe8 22. Rf1 Be5 23. Bb2 Ng4 24. h3 Bh2+ 25. Kg2 Nf6 26. Kxh2 Rad8 27. Rad1 Rd3 28. f4 Nd5 29. Nxd5 Rxd5= 30. Rg1 g6
31. Bc3 Re4 32. Bxa5 Rc5 33. f5 Rxf5 34. Bxc7 Rf2+ 35. Kg3 Rf5 36. b6 Rxa4 37. b7 Rb5 38. b8=Q+ Rxb8 39. Bxb8
1-0

[Event "Under 1300 knightworm78 Invitational #4"]
[Site "SchemingMind.com"]
[Date "2019.06.02"]
[Round "-"]
[White "Martin E. Hardwick"]
[Black "malcolm chugg"]
[Result "0-1"]
[WhiteCountry "ENG"]
[BlackCountry "WLS"]
[WhiteElo "1237"]
[WhiteRD "82"]
[BlackElo "1258"]
[BlackRD "53"]
[GameID "441886"]

1. d4 c5 2. Nf3 cxd4 3. Nxd4 e5 4. Nf5 d6 5. e4 Bxf5 6. exf5 Nd7 7. Bb5 a6 8. Ba4 b5 9. Bb3 Ndf6 10. Bg5 Be7
11. Nc3 Ra7 12. Nd5 Ne4 13. Bxe7 Nxe7 14. Nxe7 Rxe7 15. Qe2 Nc5 16. Bxf7+ Rxf7 17. Qh5 Ne4 18. O-O-O Nxf2 19. Rhe1 Nxd1 20. Rxd1 O-O
21. Rd3 Rxf5 22. Qg4 Qa5 23. Kb1 Rf1+ 24. Rd1 Qd2 25. a3 Qxd1+ 26. Qxd1 Rxd1+ 27. Ka2 e4 28. Kb3 e3
0-1

[Event "Under 1300 knightworm78 Invitational #4"]
[Site "SchemingMind.com"]
[Date "2019.06.03"]
[Round "-"]
[White "malcolm chugg"]
[Black "Carl Lenox"]
[Result "0-1"]
[WhiteCountry "WLS"]
[BlackCountry "CAN"]
[WhiteElo "1299"]
[WhiteRD "56"]
[BlackElo "1282"]
[BlackRD "83"]
[GameID "441887"]

1. f4 e5 2. fxe5 d6 3. Nf3 Ne7 4. e4 Bg4 5. d4 a6 6. Be2 b5 7. Bg5 Nd7 8. h3 Bh5 9. g4 Bg6 10. Nc3 h6
11. Be3 c5 12. Nh4 Bh7 13. d5 c4 14. g5 Nxe5 15. gxh6 gxh6 16. Qd4 Bg7 17. Qd2 O-O 18. Rg1 Qd7 19. Bf1 Kh8 20. O-O-O Bf6
21. Ng2 Qxh3 22. Nf4 Qd7 23. b4 Nf3 24. Qf2 Nxg1 25. Qxg1 a5 26. Nce2 axb4 27. Bh3 Qd8 28. Ng3 c3 29. Nd3 Rxa2 30. Kb1 Ra3
31. Bc1 Ra4 32. Qf2 Qa5 33. Bxh6 Ra1#
0-1

[Event "Under 1300 knightworm78 Invitational #4"]
[Site "SchemingMind.com"]
[Date "2019.05.30"]
[Round "-"]
[White "surfnsuds"]
[Black "Chessibelle"]
[Result "1-0"]
[WhiteCountry "USA"]
[BlackCountry "ENG"]
[WhiteElo "1359"]
[WhiteRD "81"]
[BlackElo "1151"]
[BlackRD "56"]
[GameID "441888"]

1. d4 d5 2. c4 Nf6 3. Nf3 g6 4. Nc3 Bg7 5. Qb3 O-O 6. Bf4 b6 7. cxd5 e6 8. e4 Ng4 9. Bd3 c6 10. h3 Qf6
11. Bxb8 Rxb8 12. hxg4 h5 13. gxh5 Qf4 14. hxg6 Qg4 15. Rh2 Qxg6 16. Ne5 Qf6 17. Nxc6 Rb7 18. d6 Bd7 19. Ne5 Qf4 20. g3 Qg5
21. f4 Qxg3+ 22. Rf2 Qe3+ 23. Ne2 Qh3 24. O-O-O Qh4 25. Rff1 f6 26. Nxd7 Rc8+ 27. Kb1 Re8 28. Bb5 Rd8 29. Rh1 Qg4 30. Qh3 Qg6
31. Qxe6+ Qf7 32. d5 Rdxd7 33. Bxd7 Rxd7 34. Rhg1 a5 35. Qf5 Rxd6 36. Rc1 Kf8 37. Qc8+ Qe8 38. Qxe8+ Kxe8 39. Rxg7 Kd8 40. Rh1 b5
41. Rh8#
1-0

[Event "Under 1300 knightworm78 Invitational #4"]
[Site "SchemingMind.com"]
[Date "2019.05.30"]
[Round "-"]
[White "Chessibelle"]
[Black "Martin E. Hardwick"]
[Result "0-1"]
[WhiteCountry "ENG"]
[BlackCountry "ENG"]
[WhiteElo "1143"]
[WhiteRD "55"]
[BlackElo "1237"]
[BlackRD "82"]
[GameID "441889"]

1. Nf3 Nf6 2. d4 d5 3. g3 e6 4. e3 c6 5. Be2 Be7 6. O-O Nbd7 7. Nbd2 c5 8. c3 O-O 9. a3 c4 10. b3 b5
11. Ng5 Bb7 12. Ndf3 Ne4 13. Qc2 Bxg5 14. h4 Be7 15. Bb2 Ndf6 16. Ng5 Nxg5 17. hxg5 Ne4 18. f4 Nxg3 19. Rf2 Ne4 20. Rh2 Bxg5
21. Rf1 Bh6 22. Bf3 Re8 23. Rff2 Nxf2 24. Rxf2 Rc8 25. Qe2 Qf6 26. Qc2 Qg6+ 27. Rg2 Qxc2 28. Rxc2 cxb3 29. Rf2 a5 30. Bh5 b4
31. Bf3 bxc3 32. Ba1 c2 33. Bb2 c1=Q+ 34. Kg2 Qxb2 35. Rxb2 Rc2+ 36. Kg3 Rxb2 37. e4 dxe4 38. Bxe4 Bxe4 39. Kg4 Rg2+
0-1

[Event "Under 1300 knightworm78 Invitational #4"]
[Site "SchemingMind.com"]
[Date "2019.05.30"]
[Round "-"]
[White "Carl Lenox"]
[Black "Chessibelle"]
[Result "0-1"]
[WhiteCountry "CAN"]
[BlackCountry "ENG"]
[WhiteElo "1282"]
[WhiteRD "83"]
[BlackElo "1151"]
[BlackRD "56"]
[GameID "441890"]

1. e4 e5 2. Nf3 Nc6 3. Bb5 Nge7 4. O-O g6 5. a3 d6 6. b4 Bd7 7. Re1 Bg7 8. c4 O-O 9. Nc3 a6 10. Ba4 a5
11. b5 Nd4 12. Nxd4 exd4 13. Ne2 Bg4 14. Bb2 f5 15. Bc2 Qd7 16. f3 Bh5 17. Nf4 c6 18. a4 Bf6 19. Ne2 c5 20. Nf4 Bh4
21. g3 Bg5 22. Nxh5 gxh5 23. f4 Bf6 24. e5 Bg7 25. e6 Qe8 26. Qf3 Rb8 27. Rad1 Bh6 28. h3 Rf6 29. g4 Qg6 30. g5 Kh8
31. Kh2 Rff8 32. h4 b6 33. gxh6 Qf6 34. Qg3 Qxh6 35. d3 Ng6 36. Bc1 Ne7 37. Rg1 Ng6 38. Rde1 Rbe8 39. Bd1 Re7 40. Bf3 Rg7
41. Kh3 Rfg8 42. Qg2 Ne7 43. Qe2 Rg6 44. Kh2 Qg7 45. Bxh5 Rxg1
0-1